| 000 | 00700nam a22002657a 4500 | ||
|---|---|---|---|
| 001 | BR6000944 | ||
| 003 | BR-BrBNA | ||
| 005 | 20230928095529.0 | ||
| 007 | ta | ||
| 008 | 230509b bl.||||| |||| 00| 0 por d | ||
| 040 |
_aBR-BrBNA _bpor _cBiblioteca Nacional de Agricultura |
||
| 041 | _a(Por) | ||
| 072 |
_aQ02 _b9410 |
||
| 090 | _ 9410 BR6000944 | ||
| 100 | 1 | _aBello Filho, C. | |
| 245 | 1 | _aPela industria de lacticinios em Pernambuco | |
| 260 | 3 |
_aRecife, PE (Brasil): _bImprensa Industrial, _c1931. |
|
| 300 | _a88 p. | ||
| 650 | _aLaticinio | ||
| 650 | _aLeite | ||
| 650 | _aProduto Derivado do Leite | ||
| 650 | _aPernambuco | ||
| 909 |
_a202309 _bLucia _c55 _dLucia Elande |
||
| 942 | _cBK | ||
| 999 |
_c57119 _d57119 |
||